000 00526cam a2200145 4500500
005 20260322014009.0
041 _afre
042 _adc
100 1 0 _aGuidon-Le Brun, Maryvonne
_eauthor
245 0 0 _aReceiving SDS updates: identifying important information
260 _c2026.
500 _a58
786 0 _nChemical risk prevention manager | - | 2026-03-11 | p. 20-20
856 4 1 _uhttps://stm.cairn.info/chemical-risk-management-health-and-safety-at-work--bdti22743210-fic0323-page-20?lang=en&redirect-ssocas=7080
999 _c1785415
_d1785415